Economics of the American lumber industry.

Bibliographic Details
Main Author: Zaremba, Joseph
Format: Book
Language:English
Published: New York : R. Spellor, [1963]
Edition:[1st ed.].
Subjects:

MARC

Tag First Indicator Second Indicator Subfields
LEADER 00000cam a2200000 4500
001 in00000065104
005 20151008051221.0
008 750519s1963 nyu b 00000 eng u
010 |a  62022292  
035 |a (OCoLC)01344759 
035 |9 AAG6523AM 
040 |c ORL  |d TXA  |d UtOrBLW 
049 |a TXAM  |c [370569] 
050 0 0 |a HD9755  |b .Z3 
082 1 |a 338.47674 
092 |a 338.47674  |b Z36e 
100 1 |a Zaremba, Joseph. 
245 1 0 |a Economics of the American lumber industry. 
250 |a [1st ed.]. 
264 1 |a New York :  |b R. Spellor,  |c [1963] 
300 |a xii, 232 pages :  |b diagrams, tables. ;  |c 24 cm. 
336 |a text  |b txt  |2 rdacontent 
337 |a unmediated  |b n  |2 rdamedia 
338 |a volume  |b nc  |2 rdacarrier 
500 |a "An earlier version appeared in the form of a doctoral dissertation at Harvard University in 1958." 
504 |a Includes bibliographies. 
650 0 |a Lumber trade  |z United States. 
999 |a MARS 
999 f f |s e3ed758c-69c1-3094-b177-2dbcaa3e5614  |i c7d89c01-d0e8-3fee-a010-ffd6dd50000b  |t 0 
952 f f |p ric  |a Texas A&M University  |b Rellis Campus  |c Joint Library Facility  |d Remote Storage  |t 0  |e HD9755 .Z3  |h Library of Congress classification  |i unmediated -- volume  |m A14800766459 
998 f f |a HD9755 .Z3  |t 0  |l Remote Storage